Silk root/ (Record no. 181593)

000 -LEADER
fixed length control field 00353nam a2200157 4500
020 ## - INTERNATIONAL STANDARD BOOK NUMBER
ISBN 9788195026531
082 ## - DEWEY DECIMAL CLASSIFICATION NUMBER
Classification number M1
Item number ALE/S
100 ## - MAIN ENTRY--AUTHOR NAME
Personal name Aleena
245 ## - TITLE STATEMENT
Title Silk root/
Statement of responsibility, etc by Aleena
260 ## - PUBLICATION, DISTRIBUTION, ETC. (IMPRINT)
Place of publication s.l.:
Name of publisher Goosebery,
Year of publication 2021.
300 ## - PHYSICAL DESCRIPTION
Number of Pages 168p.
650 ## - SUBJECT ADDED ENTRY--TOPICAL TERM
Topical Term Poetry Malayalam
650 ## - SUBJECT ADDED ENTRY--TOPICAL TERM
Topical Term Literature Malayalam
650 ## - SUBJECT ADDED ENTRY--TOPICAL TERM
Topical Term Literature
942 ## - ADDED ENTRY ELEMENTS (KOHA)
Koha item type Book
Holdings
Withdrawn status Lost status Damaged status Not for loan Permanent Location Current Location Shelving location Date acquired Cost, normal purchase price Full call number Accession Number Price effective from Koha item type
        Sree Sankaracharya University of Sanskrit Sree Sankaracharya University of Sanskrit Stacks 18.05.2026 200.00 M1 ALE/S 108590 18.05.2026 Book